Library Logo

Pioneer International University Library Catalogue

INTERNATIONAL CONGRESS ON THE TEACHING OF HUMAN RIGHTS (Record no. 85)

MARC details
000 -LEADER
fixed length control field 00430nam a22001217a 4500
005 - DATE AND TIME OF LATEST TRANSACTION
control field 20250901165206.0
008 - FIXED-LENGTH DATA ELEMENTS--GENERAL INFORMATION
fixed length control field 210215b ||||| |||| 00| 0 eng d
020 ## - INTERNATIONAL STANDARD BOOK NUMBER
International Standard Book Number 9232017814
050 ## - LIBRARY OF CONGRESS CALL NUMBER
Classification number JC571 .J69 1978
245 ## - TITLE STATEMENT
Title INTERNATIONAL CONGRESS ON THE TEACHING OF HUMAN RIGHTS
Remainder of title THIRTIETH ANNIVERSARY OF THE UNIVERSAL DECLARATION OF HUMAN RIGHTS
Statement of responsibility, etc. UNESCO
260 ## - PUBLICATION, DISTRIBUTION, ETC.
Place of publication, distribution, etc. UNESCO
Name of publisher, distributor, etc. UNESCO
Date of publication, distribution, etc. 1978
942 ## - ADDED ENTRY ELEMENTS (KOHA)
Source of classification or shelving scheme Library of Congress Classification
Classification part JC571 .J69 1978
Holdings
Withdrawn status Lost status Source of classification or shelving scheme Damaged status Not for loan Home library Current library Shelving location Date acquired Total checkouts Full call number Barcode Date last seen Price effective from Koha item type
    Library of Congress Classification     Main Library Main Library   02/15/2021   JC571 .J69 PIU00004953 02/15/2021 02/15/2021 Books